000 00982nam a2200193 a 4500
001 000037000
005 20200930080056.0
008 120207s2000 dr ac 000 0 spa d
020 _a9993423092
040 _aDO-SdBNP
_bspa
_cBNPHU
082 _axxxx
_bP965
245 0 0 _aPropuestas para un Estado democrático, participativo y descentralizado. /
_cprólogo Onofre Rojas.
260 _aSanto Domingo :
_bAmigo del Hogar,
_c2000.
300 _a421 p. :
_bils., retrs. ;
_c31 cm.
500 _aA la cabeza del título: consulta ciudadana sobre desentralización del Estado y el desarrollo provincial y municipal ¡tu tienes mucho que decir!
500 _aLa presente publicación ha sido auspiciada por el Proyecto de Apoyo Inmediato a la Reforma del Estado (PAIRE), que es financiado por la Unión Europea a través de la oficina de LOME lV
700 1 _aRojas, Onofre,
_epról.
_931119
710 2 _aComisión Presidencial para la Reforma y Modernización del Estado, COPRyME
_963395
999 _c36490
_d36490